00306nam a2200109Ia 4500008004100000082001600041082000800057245009800065245001200163260001200175300000900187231017s9999 xx 000 0 und d a388.1120994 bBOY 0aEconomic Evaluation of Road Investment Proposals Unit Values for Road User Costs at June 2002 0cAP-R241 bAP-R241 c30cm